| 000 | 00470nam a2200169Ia 4500 | ||
|---|---|---|---|
| 008 | 230917s9999||||xx |||||||||||||| ||und|| | ||
| 020 | _cRS495 | ||
| 040 |
_e213431 _aMAIN |
||
| 041 | _aEnglish | ||
| 082 | _a647.94 R137H | ||
| 100 | _aRakesh Kadam, KCK | ||
| 245 | 0 | _aHousekeeping operations and management for hospitality | |
| 260 |
_aNew Delhi _bVDH Publishers _c2013 |
||
| 300 | _aix, 876 p. | ||
| 500 | _a4548 20/12/2013 5639 15/01/2014 IHTM (SFS) | ||
| 942 | _cBK | ||
| 999 |
_c34705 _d34705 |
||